| 000 | 01056nam0a22002891 4500 | ||
|---|---|---|---|
| 001 | rc\3648875 | ||
| 005 | 20260406155326.0 | ||
| 021 |
_aRU _b[74-2690] |
||
| 035 | _a(NLR Aleph) 007832714 | ||
| 090 |
_a9751111 _c9751111 |
||
| 100 | _a20130115d1973 |||y0rusy50 ca | ||
| 101 | 0 | _arus | |
| 102 | _aRU | ||
| 105 | _aa z |||c| | ||
| 200 | 1 |
_aОб искусстве жить достойно _eФилос. очерки _e[Для ст. возраста _fСост. и авт. предисл., с. 7-73, А. Гулыга и Л. Пажитнов _gИл.: Л. Зусман] |
|
| 210 |
_aМосква _cДет. лит. _d1973 |
||
| 215 |
_a206 с. _cил. _d17 |
||
| 606 |
_aФилософия (д. л.) _2psbo |
||
| 700 | 1 |
_7ca _8rus _aМонтень _bМ. де _f1533-1592 _gМишель де _9117523 _3RU\NLR\auth\777590 |
|
| 702 | 1 |
_aПажитнов _bЛ. _4220 _4080 |
|
| 702 | 1 |
_aЗусман _bЛ. _4440 |
|
| 702 | 1 |
_aГулыга _bА. _4220 _4080 |
|
| 801 | 0 |
_aRU _bNLR _gpsbo |
|
| 801 | 1 |
_aRU _bELAR _2rusmarc |
|
| 852 |
_aNLR _j73-2/2830 |
||
| 942 | _cBOOK | ||
| 980 | _aNB | ||